PRINCIPLES OF PSYCHOLOGY (Registro nro. 47160)
[ vista simple ]
| 000 -LEADER | |
|---|---|
| fixed length control field | 00463nam a2200181 a 4500 |
| 001 - CONTROL NUMBER | |
| control field | 47160 |
| 005 - DATE AND TIME OF LATEST TRANSACTION | |
| control field | 20180714031011.0 |
| 008 - FIXED-LENGTH DATA ELEMENTS--GENERAL INFORMATION | |
| fixed length control field | 140415s1983 000 0 spa d |
| 020 ## - INTERNATIONAL STANDARD BOOK NUMBER | |
| International Standard Book Number | 0256028893 |
| 041 ## - LANGUAGE CODE | |
| Language code of text/sound track or separate title | spa |
| 082 ## - DEWEY DECIMAL CLASSIFICATION NUMBER | |
| Classification number | 150 |
| Item number | NEW |
| 100 1# - MAIN ENTRY--PERSONAL NAME | |
| Personal name | NEWMAN, PHILIP R. |
| 245 10 - TITLE STATEMENT | |
| Title | PRINCIPLES OF PSYCHOLOGY |
| 260 ## - PUBLICATION, DISTRIBUTION, ETC. | |
| Place of publication, distribution, etc. | [s.l.] : |
| Name of publisher, distributor, etc. | THE DORSEY PRESS, |
| Date of publication, distribution, etc. | 1983 |
| 300 ## - PHYSICAL DESCRIPTION | |
| Extent | 636 |
| 650 14 - SUBJECT ADDED ENTRY--TOPICAL TERM | |
| Topical term or geographic name entry element | PSICOLOGIA |
| 700 1# - ADDED ENTRY--PERSONAL NAME | |
| Personal name | Newman, Barbara M. |
| Relator term | coaut. |
| Withdrawn status | Lost status | Source of classification or shelving scheme | Damaged status | Not for loan | Collection code | Home library | Current library | Shelving location | Date acquired | Source of acquisition | Inventory number | Total Checkouts | Total Renewals | Full call number | Barcode | Date last seen | Date last checked out | Price effective from | Koha item type |
|---|---|---|---|---|---|---|---|---|---|---|---|---|---|---|---|---|---|---|---|
| Dewey Decimal Classification | General | Biblioteca Karol Wojtyla | Biblioteca Karol Wojtyla | Sala general | 03/12/2013 | Compra | 151000000000000000061221 | 1 | 1 | 150 NEW | 7064 | 05/01/2026 | 10/01/2022 | 03/12/2013 | Libro | ||||
| Dewey Decimal Classification | General | Biblioteca Karol Wojtyla | Biblioteca Karol Wojtyla | Sala general | 03/12/2013 | Compra | 151000000000000000061222 | 2 | 150 NEW | 7065 | 05/01/2026 | 26/09/2024 | 03/12/2013 | Libro |